[Event "World ol U16"]
[Site "Eindhoven"]
[Date "2023.08.14"]
[Round "2.19"]
[White "Kurt, Sascha"]
[Black "Antoniou, Rafail"]
[Result "0-1"]
[WhiteElo "1939"]
[BlackElo "1903"]
[PlyCount "70"]
[EventDate "2023.08.13"]
[EventType "team-swiss"]
[EventRounds "9"]
[EventCountry "NED"]
[SourceTitle "CBM 215 Extra"]
[Source "ChessBase"]
[SourceDate "2023.09.30"]
[SourceVersion "1"]
[SourceVersionDate "2023.09.30"]
[SourceQuality "1"]
[WhiteTeam "Netherlands IV"]
[BlackTeam "Cyprus"]
[WhiteTeamCountry "NED"]
[BlackTeamCountry "CYP"]

1. e4 c5 2. Nf3 e6 3. d4 cxd4 4. Nxd4 Nf6 5. Nc3 Nc6 6. Nxc6 bxc6 7. e5 Nd5 8. Ne4 Qc7 9. f4 Qb6 10. c4 Ne3 11. Qd3 Bb4+ 12. Bd2 Ba6 13. b3 0-0 14. Rc1 Nd5 15. g3 Qa5 16. Bxb4 Nxb4 17. Qd2 c5 18. Nc3 Bb7 19. Rg1 Rab8 20. Bg2 Rfd8 21. Bxb7 Rxb7 22. Rg2 d5 23. exd6 Rbd7 24. Rd1 Qb6 25. Qe3 Rxd6 26. Rgd2 Rd4 27. Ke2 Nc6 28. Nb5 Rxd2+ 29. Rxd2 Nd4+ 30. Nxd4 cxd4 31. Qd3 a5 32. Rd1 f6 33. Qf3 Qc5 34. Qe4 Qh5+ 35. Kd3 Qxd1# 0-1

[Event "Dieren op"]
[Site "Dieren"]
[Date "2023.08.03"]
[Round "9"]
[White "Kurt, Sascha"]
[Black "Ritzerveld, Noah"]
[Result "1/2-1/2"]
[WhiteElo "1986"]
[BlackElo "2007"]
[PlyCount "31"]
[EventDate "2023.07.25"]
[EventType "swiss"]
[EventRounds "9"]
[EventCountry "NED"]
[SourceTitle "CBM 215 Extra"]
[Source "ChessBase"]
[SourceDate "2023.09.30"]
[SourceVersion "1"]
[SourceVersionDate "2023.09.30"]
[SourceQuality "1"]

1. e4 e5 2. Nf3 Nc6 3. Bc4 Nf6 4. d4 exd4 5. e5 Ne4 6. 0-0 Be7 7. Re1 Nc5 8. Nxd4 Nxd4 9. Qxd4 Ne6 10. Qg4 d5 11. exd6 Qxd6 12. Nc3 0-0 13. Be3 c6 14. a3 Kh8 15. Rad1 Qc7 16. Qg3 1/2-1/2

[Event "Helmond Rapid op"]
[Site "Helmond"]
[Date "2023.06.10"]
[Round "2"]
[White "Becx, Cesar"]
[Black "Kurt, Sascha"]
[Result "1/2-1/2"]
[WhiteElo "2034"]
[BlackElo "1986"]
[PlyCount "67"]
[EventDate "2023.06.10"]
[EventType "swiss (rapid)"]
[EventRounds "9"]
[EventCountry "NED"]
[SourceTitle "CBM 214 Extra"]
[Source "ChessBase"]
[SourceDate "2023.07.31"]
[SourceVersion "1"]
[SourceVersionDate "2023.07.31"]
[SourceQuality "1"]

1. f4 Nh6 2. Nf3 d5 3. d3 g6 4. Nc3 Bg7 5. e4 Bxc3+ 6. bxc3 dxe4 7. dxe4 Qxd1+ 8. Kxd1 0-0 9. Ke1 b6 10. Bd3 Ba6 11. Ke2 c5 12. c4 Nc6 13. h3 f6 14. Be3 Nf7 15. Kd2 Rad8 16. Kc3 Rfe8 17. g4 e5 18. f5 Nd4 19. fxg6 hxg6 20. Nh4 Kg7 21. Raf1 Rh8 22. Nf3 Rde8 23. h4 g5 24. Bxd4 exd4+ 25. Kb2 Bc8 26. hxg5 fxg5 27. Rhg1 Kg6 28. e5+ Kg7 29. Bf5 Bb7 30. e6 Bxf3 31. exf7 Re3 32. Rg3 Bc6 33. Rxe3 dxe3 34. Re1 1/2-1/2

[Event "Helmond Rapid op"]
[Site "Helmond"]
[Date "2023.06.10"]
[Round "8"]
[White "Dignum, Erik"]
[Black "Kurt, Sascha"]
[Result "1/2-1/2"]
[WhiteElo "2015"]
[BlackElo "1986"]
[PlyCount "42"]
[EventDate "2023.06.10"]
[EventType "swiss (rapid)"]
[EventRounds "9"]
[EventCountry "NED"]
[SourceTitle "CBM 214 Extra"]
[Source "ChessBase"]
[SourceDate "2023.07.31"]
[SourceVersion "1"]
[SourceVersionDate "2023.07.31"]
[SourceQuality "1"]

1. d4 Nf6 2. Bg5 c6 3. Nd2 d5 4. e3 g6 5. Bxf6 exf6 6. c4 Bg7 7. Ngf3 0-0 8. c5 Re8 9. Be2 Qc7 10. 0-0 f5 11. g3 Nd7 12. b4 Nf6 13. a4 Ne4 14. Nxe4 fxe4 15. Nd2 Bh3 16. Re1 a6 17. b5 axb5 18. axb5 b6 19. cxb6 Qxb6 20. bxc6 Qxc6 21. Qb3 Reb8 1/2-1/2

[Event "Helmond Rapid op"]
[Site "Helmond"]
[Date "2023.06.10"]
[Round "9"]
[White "Kurt, Sascha"]
[Black "Perrenet, Jacob"]
[Result "0-1"]
[WhiteElo "1986"]
[BlackElo "2005"]
[PlyCount "94"]
[EventDate "2023.06.10"]
[EventType "swiss (rapid)"]
[EventRounds "9"]
[EventCountry "NED"]
[SourceTitle "CBM 214 Extra"]
[Source "ChessBase"]
[SourceDate "2023.07.31"]
[SourceVersion "1"]
[SourceVersionDate "2023.07.31"]
[SourceQuality "1"]

1. e4 g5 2. d4 h6 3. c4 Bg7 4. Be3 c5 5. Ne2 Nf6 6. f3 cxd4 7. Nxd4 Nc6 8. Nf5 Rg8 9. Nc3 d6 10. Nxg7+ Rxg7 11. Qd2 Be6 12. Nd5 Bxd5 13. cxd5 Ne5 14. Bb5+ Kf8 15. 0-0 Rg6 16. Rac1 Kg7 17. Qc2 a6 18. Be2 b5 19. Qc7 g4 20. Qxd8 Rxd8 21. f4 Ned7 22. f5 Rg5 23. Bxg5 hxg5 24. Rc6 Nc5 25. b4 Ncxe4 26. Rxa6 Nc3 27. Bd3 Ncxd5 28. a3 Rc8 29. Kf2 Nf4 30. Rd1 Rc3 31. Bf1 Ne4+ 32. Kg1 g3 33. Bxb5 Kf6 34. a4 Rb3 35. hxg3 Nxg3 36. Kh2 Nxf5 37. Ra7 Rxb4 38. Bd3 Ne3 39. Rd2 Rd4 40. Rb2 Nxd3 41. Rbb7 Ne5 42. Rxe7 Rd2 43. Reb7 Rxg2+ 44. Kh1 g4 45. a5 g3 46. Rb6 Rh2+ 47. Kg1 Nf3# 0-1

[Event "NED-ch U14"]
[Site "Almelo"]
[Date "2023.05.04"]
[Round "6"]
[White "Kurt, Sascha"]
[Black "Roolvink, William"]
[Result "1/2-1/2"]
[WhiteElo "1894"]
[BlackElo "1852"]
[PlyCount "160"]
[EventDate "2023.04.30"]
[EventType "swiss"]
[EventRounds "9"]
[EventCountry "NED"]
[SourceTitle "CBM 214 Extra"]
[Source "ChessBase"]
[SourceDate "2023.07.31"]
[SourceVersion "1"]
[SourceVersionDate "2023.07.31"]
[SourceQuality "1"]

1. e4 c6 2. d4 d5 3. Nc3 dxe4 4. Nxe4 Nf6 5. Nxf6+ exf6 6. c3 Bd6 7. Bd3 0-0 8. Qc2 Re8+ 9. Ne2 h5 10. 0-0 Nd7 11. Be3 h4 12. h3 Nf8 13. Rad1 Be6 14. c4 Rc8 15. Nf4 Bb8 16. Ne2 Qd7 17. Bf4 Ng6 18. Bxb8 Rxb8 19. Kh2 Ne7 20. Be4 Bf5 21. Bxf5 Qxf5 22. Qxf5 Nxf5 23. Nc3 Nd6 24. b3 Ne4 25. Nxe4 Rxe4 26. Rfe1 Rbe8 27. Rxe4 Rxe4 28. Rd2 Kf8 29. g3 Ke7 30. Kg2 f5 31. f3 Re6 32. gxh4 f4 33. h5 f5 34. d5 cxd5 35. cxd5 Rh6 36. Rd4 Rxh5 37. Rxf4 Kd6 38. Rd4 g5 39. Kg3 Rh7 40. Rd2 Rh4 41. a3 Rh7 42. Rd3 Rh4 43. Rd1 Rh7 44. Rd4 Rh8 45. f4 gxf4+ 46. Rxf4 Rh5 47. Rd4 Ke5 48. Rd1 Kd6 49. Rd3 Rg5+ 50. Kf4 Rh5 51. b4 b5 52. Kg3 Rg5+ 53. Kf3 Rh5 54. Kf4 a6 55. Kg3 Rh8 56. h4 Rh7 57. Rd1 Rh5 58. Rd2 Rh8 59. Rh2 Rh5 60. Rd2 Rh8 61. Kh3 Rh5 62. Rg2 Kxd5 63. Rg5 Rxg5 64. hxg5 Ke5 65. Kh4 f4 66. Kg4 Ke4 67. g6 f3 68. g7 f2 69. g8Q f1Q 70. Qe6+ Kd4 71. Qxa6 Qg2+ 72. Kf5 Qh3+ 73. Kg6 Qg4+ 74. Kf7 Qd7+ 75. Kf6 Qd8+ 76. Ke6 Qe8+ 77. Kf6 Qd8+ 78. Kf5 Qf8+ 79. Kg4 Qg8+ 80. Kf3 Qd5+ 1/2-1/2

[Event "Eindhoven WLC op 12th"]
[Site "Eindhoven"]
[Date "2022.05.14"]
[Round "3"]
[White "Kurt, Sascha"]
[Black "Blijlevens, Pim"]
[Result "0-1"]
[WhiteElo "1751"]
[BlackElo "1958"]
[PlyCount "134"]
[EventDate "2022.05.13"]
[EventType "swiss"]
[EventRounds "6"]
[EventCountry "NED"]
[SourceTitle "CBM 208 Extra"]
[Source "ChessBase"]
[SourceDate "2022.07.31"]
[SourceVersion "1"]
[SourceVersionDate "2022.07.31"]
[SourceQuality "1"]

1. e4 e6 2. d4 d5 3. Nd2 dxe4 4. Nxe4 Nd7 5. Nf3 Ngf6 6. Nxf6+ Nxf6 7. Bd3 Be7 8. 0-0 0-0 9. c3 b6 10. Qc2 Bb7 11. Ng5 h6 12. Ne4 Nxe4 13. Bxe4 Bxe4 14. Qxe4 c5 15. Be3 Qc7 16. dxc5 Bxc5 17. Bxc5 Qxc5 18. Rad1 Rfd8 19. Rd3 Rxd3 20. Qxd3 Rc8 21. Rd1 g6 22. Qd4 Qxd4 23. Rxd4 Rc7 24. Kf1 Kg7 25. Ke2 Kf6 26. Kd2 e5 27. Rd3 Ke6 28. Kc2 f5 29. Rd8 e4 30. Rh8 h5 31. Rd8 Ke5 32. g3 h4 33. Kd2 Rh7 34. Ke3 hxg3 35. hxg3 Rh1 36. Ra8 Re1+ 37. Kd2 Rb1 38. Rxa7 Rxb2+ 39. Ke3 Rc2 40. Re7+ Kd6 41. Rg7 Kc5 42. Rxg6 Rxc3+ 43. Kd2 Ra3 44. Rg5 Rxa2+ 45. Ke1 b5 46. Rxf5+ Kc4 47. Re5 b4 48. Rxe4+ Kd3 49. Re3+ Kc2 50. f4 b3 51. Kf2 b2 52. Re1 Kc3 53. Rb1 Ra1 54. Rxb2 Kxb2 55. Kf3 Kc3 56. Ke4 Kc4 57. g4 Re1+ 58. Kf5 Kd5 59. g5 Kd6 60. Kf6 Kd7 61. g6 Ke8 62. Kg7 Rf1 63. Kh7 Rxf4 64. g7 Rh4+ 65. Kg8 Rg4 66. Kh7 Kf7 67. Kh8 Rh4# 0-1

[Event "NED-ch U14"]
[Site "Almelo"]
[Date "2022.05.05"]
[Round "7"]
[White "Kurt, Sascha"]
[Black "Lopes, Samuel"]
[Result "1-0"]
[WhiteElo "1834"]
[BlackElo "1600"]
[PlyCount "83"]
[EventDate "2022.05.01"]
[EventType "swiss"]
[EventRounds "9"]
[EventCountry "NED"]
[SourceTitle "EXT 2023"]
[Source "ChessBase"]
[SourceDate "2022.10.05"]
[SourceVersion "1"]
[SourceVersionDate "2022.10.05"]
[SourceQuality "1"]

1. e4 c5 2. Nf3 e6 3. d4 cxd4 4. Nxd4 a6 5. Bd3 Bc5 6. Nb3 Ba7 7. 0-0 Nc6 8. c4 d6 9. Nc3 Nf6 10. Kh1 Ne5 11. Be2 Qc7 12. Nd2 h5 13. Nf3 Neg4 14. Qe1 Nxf2+ 15. Rxf2 Bxf2 16. Qxf2 Ng4 17. Qg1 Bd7 18. Nd4 Qb6 19. Bxg4 hxg4 20. Nde2 Qxg1+ 21. Kxg1 Rc8 22. b3 Ke7 23. Ba3 b5 24. cxb5 Bxb5 25. Nxb5 axb5 26. e5 Kd7 27. exd6 Rh7 28. Nd4 Rb8 29. Bb4 Rh4 30. g3 Rh5 31. a4 bxa4 32. Rxa4 Rb7 33. Ba3 Rd5 34. Rc4 e5 35. Nf5 Rxb3 36. Rc7+ Kd8 37. Ne7 Rd1+ 38. Kf2 Rxa3 39. Nc6+ Ke8 40. d7+ Rxd7 41. Rc8+ Rd8 42. Rxd8# 1-0

[Event "NED-ch U14"]
[Site "Almelo"]
[Date "2022.05.02"]
[Round "2"]
[White "Ponomarev, Ivan2222"]
[Black "Kurt, Sascha"]
[Result "1/2-1/2"]
[WhiteElo "1744"]
[BlackElo "1834"]
[PlyCount "146"]
[EventDate "2022.05.01"]
[EventType "swiss"]
[EventRounds "9"]
[EventCountry "NED"]
[SourceTitle "EXT 2023"]
[Source "ChessBase"]
[SourceDate "2022.10.05"]
[SourceVersion "1"]
[SourceVersionDate "2022.10.05"]
[SourceQuality "1"]

1. e4 c5 2. Nf3 e6 3. c3 Nf6 4. e5 Nd5 5. d4 cxd4 6. cxd4 d6 7. Nc3 Nxc3 8. bxc3 Qc7 9. Qc2 Nd7 10. Bf4 dxe5 11. Nxe5 Bd6 12. Bb5 0-0 13. Nxd7 Bxd7 14. Bxd6 Qxd6 15. Bxd7 Qxd7 16. 0-0 Rac8 17. Rfc1 Rc4 18. Qb3 Rfc8 19. Rc2 Qc6 20. Rac1 b5 21. a3 a5 22. h3 Kf8 23. Rb1 b4 24. axb4 axb4 25. g3 Ke8 26. Rd1 Rxc3 27. Rxc3 bxc3 28. Rc1 c2 29. Qd3 g6 30. h4 Qc4 31. Qe4 Ke7 32. Qf4 Rd8 33. Qe4 Rc8 34. Qb7+ Rc7 35. Qb2 Qc3 36. Qb6 Rd7 37. Kg2 Rxd4 38. Rxc2 Qxc2 39. Qxd4 Qc6+ 40. Kg1 Qd5 41. Qb4+ Kf6 42. Qf4+ Kg7 43. Qe3 e5 44. Kh2 Qd4 45. Qf3 h5 46. Qe2 e4 47. Kg2 Qd5 48. Qe3 Qf5 49. Qc3+ Kh7 50. Qe3 Qg4 51. Qb3 Kg7 52. Qc3+ Kg8 53. Qb3 Qe2 54. Qb8+ Kg7 55. Qe5+ Kh7 56. Qf4 Qc4 57. Qe3 Kg7 58. Qa3 Qd3 59. Qxd3 exd3 60. Kf3 Kf6 61. Ke3 Kf5 62. f3 Ke5 63. Kxd3 Kd5 64. Ke3 Ke5 65. Kd3 f5 66. Ke3 f4+ 67. gxf4+ Kf5 68. Ke2 Kxf4 69. Kf2 Kf5 70. Kf1 Ke5 71. Ke1 Kd4 72. Kd2 Ke5 73. Ke3 Kf5 1/2-1/2

[Event "NED-ch op-B"]
[Site "Borne"]
[Date "2019.08.10"]
[Round "8"]
[White "Kurt, Sascha"]
[Black "Jorritsma, Eli Alia"]
[Result "1/2-1/2"]
[WhiteElo "984"]
[BlackElo "574"]
[PlyCount "79"]
[EventDate "2019.08.05"]
[EventType "swiss"]
[EventRounds "9"]
[EventCountry "NED"]
[SourceTitle "EXT 2020"]
[Source "ChessBase"]
[SourceDate "2019.10.17"]
[SourceVersion "1"]
[SourceVersionDate "2019.10.17"]
[SourceQuality "1"]

1. e4 c6 2. d4 d5 3. e5 Bf5 4. Nf3 e6 5. Nc3 Nd7 6. Bd3 Bxd3 7. Qxd3 Ne7 8. Bf4 Ng6 9. Bg3 c5 10. Nb5 a6 11. Nd6+ Bxd6 12. exd6 c4 13. Qe3 0-0 14. h4 h5 15. 0-0-0 b5 16. Qg5 Qxg5+ 17. hxg5 b4 18. Rxh5 c3 19. b3 a5 20. Rdh1 a4 21. Kb1 axb3 22. cxb3 Rfc8 23. Bf4 Ra7 24. Bc1 Rca8 25. a3 bxa3 26. Ka2 Nb8 27. Ne5 Na6 28. Nd3 Rb8 29. Bf4 Nb4+ 30. Nxb4 Rxb4 31. Be3 Rab7 32. d7 Rxd7 33. Kxa3 Rdb7 34. Rb1 R4b6 35. b4 Rc7 36. Rc1 Rbc6 37. Rc2 e5 38. Rh1 Rc4 39. Rd1 Rb7 40. dxe5 1/2-1/2

[Event "NED-ch op-A"]
[Site "Borne"]
[Date "2019.08.07"]
[Round "8"]
[White "Kurt, Sascha"]
[Black "Jorritsma, Eli Alia"]
[Result "1-0"]
[WhiteElo "984"]
[BlackElo "574"]
[PlyCount "127"]
[EventDate "2019.08.05"]
[EventType "swiss"]
[EventRounds "9"]
[EventCountry "NED"]
[SourceTitle "EXT 2020"]
[Source "ChessBase"]
[SourceDate "2019.10.17"]
[SourceVersion "1"]
[SourceVersionDate "2019.10.17"]
[SourceQuality "1"]

1. e4 c6 2. d4 d5 3. e5 Bf5 4. Nf3 e6 5. Nc3 Nd7 6. Bf4 Ne7 7. Bd3 Bxd3 8. Qxd3 Ng6 9. Bg3 c5 10. 0-0 cxd4 11. Nxd4 Bc5 12. Nf3 0-0 13. Rad1 Qc7 14. Nb5 Qb8 15. Qc3 a6 16. Nd6 Bxd6 17. exd6 Rc8 18. Qd2 b5 19. c3 Rc5 20. Qe3 Qe8 21. Rfe1 a5 22. Ng5 e5 23. Qf3 h6 24. Nh3 Qe6 25. Rd2 Qxd6 26. Red1 Nf6 27. b4 axb4 28. cxb4 Rc6 29. Re1 Qe6 30. Rde2 e4 31. Qb3 Rac8 32. f3 Rc1 33. a4 bxa4 34. Qxa4 d4 35. fxe4 Nxe4 36. Qa3 Qc6 37. Rxe4 Qxe4 38. Rxc1 Rxc1+ 39. Qxc1 d3 40. Qe1 Qd4+ 41. Bf2 Qd5 42. Qd2 Qf5 43. Bg3 Ne7 44. Nf2 g5 45. Qxd3 Qxd3 46. Nxd3 Kf8 47. Bd6 Ke8 48. Bxe7 Kxe7 49. Kf2 Kd6 50. Ke3 Kd5 51. g3 f5 52. b5 Kd6 53. Kd4 Kc7 54. Kc5 Kb7 55. b6 h5 56. h3 h4 57. gxh4 gxh4 58. Kb5 Kb8 59. Kc6 Kc8 60. b7+ Kb8 61. Ne5 f4 62. Nd7+ Ka7 63. b8Q+ Ka6 64. Qb6# 1-0

[Event "NED-ch op-A"]
[Site "Borne"]
[Date "2019.08.06"]
[Round "5"]
[White "Vijver, Jonathan"]
[Black "Kurt, Sascha"]
[Result "1/2-1/2"]
[WhiteElo "999"]
[BlackElo "984"]
[PlyCount "77"]
[EventDate "2019.08.05"]
[EventType "swiss"]
[EventRounds "9"]
[EventCountry "NED"]
[SourceTitle "EXT 2020"]
[Source "ChessBase"]
[SourceDate "2019.10.17"]
[SourceVersion "1"]
[SourceVersionDate "2019.10.17"]
[SourceQuality "1"]

1. e4 e5 2. Nf3 Nc6 3. d4 exd4 4. Bc4 Nf6 5. e5 d5 6. Bb5 Ne4 7. Nxd4 Bd7 8. Bxc6 Bxc6 9. Nxc6 bxc6 10. 0-0 h5 11. Nd2 Qe7 12. Nxe4 dxe4 13. f4 h4 14. Re1 Rd8 15. Qe2 Qd7 16. Qxe4 Bc5+ 17. Be3 Bxe3+ 18. Qxe3 Qd2 19. Qe4 Rd5 20. e6 Qd4+ 21. Qxd4 Rxd4 22. exf7+ Kxf7 23. Rad1 Rhd8 24. Rxd4 Rxd4 25. Re2 Rxf4 26. Rf2 Rxf2 27. Kxf2 Kf6 28. Kf3 Kf5 29. g4+ hxg3 30. hxg3 c5 31. g4+ Ke5 32. b3 g5 33. c3 c6 34. Ke3 a6 35. c4 a5 36. a4 Kf6 37. Ke4 Ke6 38. Kd3 Ke5 39. Ke3 1/2-1/2